000
00293nam a22001217a 4500
008
230503b |||||||| |||| 00| 0 eng d
100
_a
M. K. Bhandari
245
_a
Intellectual Property Rights
260
_a
Allahabad
_b
CLP Pub
_c
2006
300
_a
292
546
_a
English
942
_2
ddc
_c
BK
999
_c
19969
_d
19969